000 06993nam a2200637 4500
005 20100803142745.0
010 _aB-408584-617
020 _a9788189998141
_c75.00
035 _aB-408584-617
037 _bTarun Books
082 _a158.1
100 _aNewman, Mildred
_95151
245 _aHow to be your own best friend/
_cby Mildred Newman [and] Bernard Berkowitz with Jean Owen
260 _aDelhi
_bThree Ess Publications
_c(200?)
270 _aDA/5, Gali no. 6, Main Kanjhwala Road, Rama Vihar,
_bDelhi
_e110081
300 _aunpaged
_c21 cm(pbk)
650 _aSelf-actualization (Psychology)
_95152
700 _aBerkowitz, Bernard,
_ejoint author.
_95153
700 _aOwen, Jean.
_95154
942 _2ddc
_cEN
_mNEW
_h158.1
999 _c34899
_d34899